Statistics for ABBA Unreleased

Click here to take the quiz!

General Stats

  • This quiz has been taken 6 times
  • The average score is 4 of 20

Answer Stats

HintAnswer% Correct
BBaby/ Big John/ Billy Boy/ Been and Gone and Done It/ Burning My Bridges
67%
RRadio 1 Jingle/ Ricky Rock 'N' Roller/ Rock 'n' Roll/ Rubber Ball Man
67%
JJoanne/ Just Like That
50%
FFanfare for Icehockey World Championships '81/ Free as a Bumble Bee/ Funky Feet
33%
II Am a Musician/ I Am an A/ I Believe in You/ I Do, I Do, I Do, I Do, I Do (early version)/ In the Arms of Rosalita/ I Want You
33%
MMemory Lane/ Monsieur, Monsieur/ Mountain Top
33%
YYippee Yay
33%
DDancing Queen (Early version)/ Den Stora Kärleken/ Does Your Mother Know (live version)/ Dr. Claus Von Hamlet Nos. 1, 2 and 3
17%
GGet on the Carousel/ Givin' A Little More/ Gypsy Girl
17%
HHere Comes Rubie Jamie/ High on Your Love/ Hovas Vittne
17%
SSång till Görel/ Scaramouche/ Summer Night City (Early mixes)
17%
WWhen All Is Said and Done (Demo version and various mixes)/ When the Waves Roll Out to Sea
17%
AAn Angel's Passing Through My Room/ And the Wind Cries Mary/ Another Morning Without You
0%
CCrying Over You
0%
EEvery Good Man
0%
LLady Bird/ Love for Me is Love Forever
0%
NNämndöfjärden/ Nationalsång/ National Song/ No Man's Land
0%
OOlle Olle
0%
TThe Devil in Miss Jones/ Tivedshambo/ To Live With You/ Two for the Price of One (Early demo version)
0%
UUnder My Sun
0%

Score Distribution

Percentile by Number Answered

Percent of People with Each Score

Your Score History

You have not taken this quiz